Snatak parisankhya bijnan/ (Record no. 11059)

MARC details
000 -LEADER
fixed length control field 00531nam a22002057a 4500
005 - DATE AND TIME OF LATEST TRANSACTION
control field 20260515114851.0
008 - FIXED-LENGTH DATA ELEMENTS--GENERAL INFORMATION
fixed length control field 201118b ||||| |||| 00| 0 eng d
020 ## - INTERNATIONAL STANDARD BOOK NUMBER
International Standard Book Number 8173390622
040 ## - CATALOGING SOURCE
Original cataloging agency IN-DiNC
Transcribing agency IN-DiNC
041 ## - LANGUAGE CODE
Language code of sung or spoken text asm
082 ## - DEWEY DECIMAL CLASSIFICATION NUMBER
Classification number 519.5
Item number HAZ
100 ## - MAIN ENTRY--PERSONAL NAME
Personal name Hazarika, Padmaluchan
Relator term author
245 ## - TITLE STATEMENT
Title Snatak parisankhya bijnan/
Statement of responsibility, etc. by Padmaluchan Hazarika
250 ## - EDITION STATEMENT
Edition statement 4th rev. ed.
260 ## - PUBLICATION, DISTRIBUTION, ETC.
Place of publication, distribution, etc. Guwahati:
Name of publisher, distributor, etc. Banalata,
Date of publication, distribution, etc. 2008-09
300 ## - PHYSICAL DESCRIPTION
Extent 616p.
650 ## - SUBJECT ADDED ENTRY--TOPICAL TERM
Topical term or geographic name entry element Commerce
650 ## - SUBJECT ADDED ENTRY--TOPICAL TERM
Topical term or geographic name entry element Statistics
942 ## - ADDED ENTRY ELEMENTS (KOHA)
Source of classification or shelving scheme Dewey Decimal Classification
Koha item type Books
Holdings
Withdrawn status Lost status Source of classification or shelving scheme Damaged status Not for loan Collection Home library Current library Shelving location Date acquired Cost, normal purchase price Total checkouts Full call number Barcode Date last seen Date last checked out Copy number Price effective from Koha item type
    Dewey Decimal Classification       Naharkatiya College Library Naharkatiya College Library General stacks 11/18/2020 200.00 8 519.5 HAZ 19028 04/12/2021 04/07/2021 1 11/18/2020 Books
    Dewey Decimal Classification       Naharkatiya College Library Naharkatiya College Library General stacks 11/18/2020 200.00 5 519.5 HAZ 20350 04/12/2021 04/08/2021 2 11/18/2020 Books
    Dewey Decimal Classification       Naharkatiya College Library Naharkatiya College Library General stacks 11/18/2020 200.00 4 519.5 HAZ 20353 03/16/2021 03/02/2021 3 11/18/2020 Books